| 000 | 00840nam a22002297a 4500 | ||
|---|---|---|---|
| 999 |
_c15920 _d15921 |
||
| 003 | MIRAKIL | ||
| 005 | 20240429120758.0 | ||
| 008 | 240422b tu ||||| |||| 00| 0 tur d | ||
| 020 | _a9789751605078 | ||
| 040 |
_aTR-AnCHP _cTR-AnCHP |
||
| 041 | _atur | ||
| 082 | _bY29a 2021 | ||
| 100 | _aYakubovskiy, Aleksandr Yureviç | ||
| 245 | 1 | 0 |
_aAltın Ordu ve çöküşü / _cA. Yu. Yakubovskiy ; çeviren Hasan Eren |
| 260 |
_aAnkara : _bTürk Tarih Kurumu, _c2021. |
||
| 300 |
_axvii, 274 sayfa : _bresim ; _c24 cm. |
||
| 490 | 0 |
_aAtatürk Kültür, Dil ve Tarih Yüksek Kurumu Türk Tarih Kurumu yayınları, X. dizi ; _vsayı: 15 2 |
|
| 504 | _aKaynakça: 221-233. sayfa | ||
| 600 | 0 |
_98003 _aAltın Ordu Devleti _xTarih |
|
| 856 | _zDijital Nüshası için Partimizin Kütüphane Sorumlusu ile iletişime geçiniz. | ||
| 942 |
_2ddc _cBKS |
||